Datum a čas kvízu
37
Celkem bodů
Celkový počet nahraných bodů na tomto kvízu bez doplňovacích otázek.
5.
Pořadí na kvízu
Konečné umístění týmu na tomto kvízu.
Zaznamenané odpovědi
| # | Otázka | Odpověď | Body | Výsledky |
|---|---|---|---|---|
| 1. | Česká vláda ve středu schválil... | Morava, Dyje | 1 | |
| 2. | V pondělí začalo největší nábo... | v Indii | 1 | |
| 3. | Jedno české hudební vydavatels... | Supraphon, Sony (Music Entertainment) | 1 | |
| 4. | Napište název státu, z něhož p... | z Pákistánu | 0 | |
| 5. | V pondělí jsme se na sociálníc... | Adamczykovi | 1 | |
| 6. | Na kterém ostrově se měl nachá... | na Krétě | 1 | |
| 7. | Labyrint je specializovaný org... | D | 0 | |
| 8. | Labyrinty jsou oblíbeným motiv... | Piet Mondrian | 1 | |
| 9. | Která kost lebky obsahuje kost... | kost spánková | 1 | |
| 10. | Jak se jmenuje kniha, která by... | Labyrint světa a ráj srdce | 1 |